| 000 | 01159cas a2200313 a 4500 | ||
|---|---|---|---|
| 001 | 1508 | ||
| 003 | UkOxU | ||
| 005 | 20211208233341.0 | ||
| 008 | 131120c19499999bg r w 0 0eng d | ||
| 035 | _a(OCoLC)308764868 | ||
| 035 | _a(OCoLC)ocn308764868 | ||
| 035 | _a(BD-RjUL)1531 | ||
| 040 |
_aGXR _cGXR |
||
| 082 |
_221 _a340.05 _bDAC |
||
| 245 | 0 | 4 | _aThe Dacca law reports. |
| 260 |
_a[Dacca : _bObaidul Huq, _c1949-] |
||
| 300 |
_av. ; _c26 cm. |
||
| 500 | _a"A journal of law reports of the High Court at Dacca, the Supreme Court of Pakistan, the High Court of West Pakistan, and the Privy Council; and contains short notes of the cases of the superior courts of Pakistan and India." | ||
| 500 | _aVols. 24-33 contain reports of the Bangladesh Supreme Court. | ||
| 650 |
_aLaw _vPeriodicals _94540 |
||
| 710 | 1 |
_aEast Pakistan (Pakistan). _bHigh Court of Judicature. _94541 |
|
| 710 | 1 |
_aBangladesh. _bSupreme Court. _94542 |
|
| 785 | 0 | 0 |
_tDhaka law reports _w(UkOxU)011475121 |
| 942 |
_2ddc _cCR |
||
| 999 |
_c1508 _d1508 |
||